Le politique en usages (XIVe -XIXe siècles) (notice n° 1649008)
[ vue normale ]
| 000 -LEADER | |
|---|---|
| fixed length control field | 00510cam a2200157 4500500 |
| 005 - DATE AND TIME OF LATEST TRANSACTION | |
| control field | 20260208003817.0 |
| 041 ## - LANGUAGE CODE | |
| Language code of text/sound track or separate title | fre |
| 042 ## - AUTHENTICATION CODE | |
| Authentication code | dc |
| 100 10 - MAIN ENTRY--PERSONAL NAME | |
| Personal name | Bertrand, Olivier |
| Relator term | author |
| 245 00 - TITLE STATEMENT | |
| Title | Le politique en usages (XIVe -XIXe siècles) |
| 260 ## - PUBLICATION, DISTRIBUTION, ETC. | |
| Date of publication, distribution, etc. | 2005.<br/> |
| 500 ## - GENERAL NOTE | |
| General note | 6 |
| 700 10 - ADDED ENTRY--PERSONAL NAME | |
| Personal name | Guilhaumou, Jacques |
| Relator term | author |
| 786 0# - DATA SOURCE ENTRY | |
| Note | Langage et société | 113 | 3 | 2005-09-01 | p. 7-9 | 0181-4095 |
| 856 41 - ELECTRONIC LOCATION AND ACCESS | |
| Uniform Resource Identifier | <a href="https://shs.cairn.info/revue-langage-et-societe-2005-3-page-7?lang=fr&redirect-ssocas=7080">https://shs.cairn.info/revue-langage-et-societe-2005-3-page-7?lang=fr&redirect-ssocas=7080</a> |
Pas d'exemplaire disponible.




Réseaux sociaux